Blundell Memorial Lectures 1999 : current problems in property law ... June 1999. (Record no. 100828)
[ view plain ]
| 000 -LEADER | |
|---|---|
| fixed length control field | 01299cam a2200313 4500 |
| 001 - CONTROL NUMBER | |
| control field | J108576 |
| 008 - FIXED-LENGTH DATA ELEMENTS--GENERAL INFORMATION | |
| fixed length control field | 000000n1999 000 0 eng u |
| 035 ## - SYSTEM CONTROL NUMBER | |
| System control number | (Sirsi) u108576 |
| 050 ## - LIBRARY OF CONGRESS CALL NUMBER | |
| Classification number | 346.41043 |
| 110 ## - MAIN ENTRY--CORPORATE NAME | |
| Corporate name or jurisdiction name as entry element | General Council of the Bar |
| 9 (RLIN) | 691 |
| 245 ## - TITLE STATEMENT | |
| Title | Blundell Memorial Lectures 1999 : current problems in property law ... June 1999. |
| 260 ## - PUBLICATION, DISTRIBUTION, ETC. | |
| Place of publication, distribution, etc. | London |
| Name of publisher, distributor, etc. | RICS Conferences & Training |
| Date of publication, distribution, etc. | 1999 |
| 300 ## - PHYSICAL DESCRIPTION | |
| Extent | 7pt. in one binder ; 30cm. |
| 505 ## - FORMATTED CONTENTS NOTE | |
| Formatted contents note | Fitness for purpose - caveat lessee? - Malcolm Hollis |
| 505 ## - FORMATTED CONTENTS NOTE | |
| Formatted contents note | Fitness for purpose - caveat lessee? - Martin Roger |
| 505 ## - FORMATTED CONTENTS NOTE | |
| Formatted contents note | Collective enfranchisement - fixing the price - Anthony Radevsky |
| 505 ## - FORMATTED CONTENTS NOTE | |
| Formatted contents note | Collective enfranchisement - fixing the price - Ian Macpherson |
| 505 ## - FORMATTED CONTENTS NOTE | |
| Formatted contents note | Independent experts - where has the law got to? - Lesley Webber |
| 505 ## - FORMATTED CONTENTS NOTE | |
| Formatted contents note | Independent experts - where has the law got to? - Geoffrey Wright |
| 505 ## - FORMATTED CONTENTS NOTE | |
| Formatted contents note | Property law - the human rights dimension - Charles Harpum & Hugh Mercer |
| 650 ## - SUBJECT ADDED ENTRY--TOPICAL TERM | |
| Topical term or geographic name entry element | BLUNDELL MEMORIAL LECTURES |
| 650 ## - SUBJECT ADDED ENTRY--TOPICAL TERM | |
| Topical term or geographic name entry element | LEASES |
| 650 ## - SUBJECT ADDED ENTRY--TOPICAL TERM | |
| Topical term or geographic name entry element | LEASEHOLD REFORM |
| 650 ## - SUBJECT ADDED ENTRY--TOPICAL TERM | |
| Topical term or geographic name entry element | HUMAN RIGHTS ACT 1998 |
| 690 ## - LOCAL SUBJECT ADDED ENTRY--TOPICAL TERM (OCLC, RLIN) | |
| Topical term or geographic name as entry element | LANDLORD AND TENANT |
| 9 (RLIN) | 6252 |
| 710 ## - ADDED ENTRY--CORPORATE NAME | |
| Corporate name or jurisdiction name as entry element | Law Society of England and Wales |
| 9 (RLIN) | 1639 |
| 710 ## - ADDED ENTRY--CORPORATE NAME | |
| Corporate name or jurisdiction name as entry element | Royal Institution of Chartered Surveyors |
| 9 (RLIN) | 4900 |
| 942 ## - ADDED ENTRY ELEMENTS (KOHA) | |
| Suppress in OPAC | 0 |
| Withdrawn status | Lost status | Source of classification or shelving scheme | Damaged status | Not for loan | Home library | Current library | Shelving location | Date acquired | Total Checkouts | Full call number | Barcode | Date last seen | Copy number | Price effective from | Koha item type |
|---|---|---|---|---|---|---|---|---|---|---|---|---|---|---|---|
| Dewey Decimal Classification | London | London | Folio | 03/10/2000 | F346.4104343 | 30062140 | 06/08/2019 | 1 | 06/08/2019 | Reference material |